| 000 | 00779nam a22001937a 4500 | ||
|---|---|---|---|
| 003 | CEME | ||
| 005 | 20210628210307.0 | ||
| 008 | 210127b xxu||||| |||| 00| 0 eng d | ||
| 020 | _a0-471-88840-0 | ||
| 040 | _c. | ||
| 082 | _a624.028 DAY | ||
| 100 |
_aDay, David A Benjamin, Neal B.H _978869 |
||
| 245 | _aConstruction equipment guide | ||
| 250 | _a2ND | ||
| 260 |
_aNEW YORK _bJOHN WILEY _c1991 |
||
| 300 | _aXXIII,438P | ||
| 650 |
_aCONSTRUCTION EQUIPMENT.INTERNAL COMBUSTION ENGINE.EARTHMOVING FUNDAMENTALS.TRACTORS.DOZERS.RIPPERS.SCRAPERS FOR EARTHMOVING.LOADERS.HAULERS.GRADERS.COMPACTORS.EXCAVTING EQUIPMENT.LOFTING AND HOISTING EQUIPMENT.CONVEYORS.AGGREGATE PRODUCTION EQUIPMENT.CONCRETE PLANT AND EQUIPMENT.ASPHALT AND PAVING EQUIPMENT. _978870 |
||
| 942 |
_cBK _2ddc |
||
| 999 |
_c583936 _d583936 |
||